Advanced Education

Saved in:
Bibliographic Details
Format: Serial
Language:English
Published: Kyiv National Technical University of Ukraine, Igor Sikorsky Kyiv Polytechnic Institute
Tags: Add Tag
No Tags, Be the first to tag this record!

MARC

LEADER 00000nas1a2200000 4500
001 0248046
005 20250701092121.1
022 |a 2409-3351 
022 |a 2410-8286 
041 0 |a eng 
245 1 0 |a Advanced Education 
264 1 |a Kyiv  |b National Technical University of Ukraine, Igor Sikorsky Kyiv Polytechnic Institute